Thoughts and notions : High beginning reading practice with answers /
Sách gồm những bài tập về suy nghĩ và khái niệm trong việc luyện đọc tiếng Anh.
Sparad:
| Huvudupphovsman: | |
|---|---|
| Övriga upphovsmän: | , |
| Materialtyp: | Bok |
| Språk: | English |
| Publicerad: |
Tp.HCM :
Nxb Trẻ,
2000.
|
| Ämnen: | |
| Taggar: |
Lägg till en tagg
Inga taggar, Lägg till första taggen!
|
| Thư viện lưu trữ: | Mạng thư viện Đại học Đà Nẵng |
|---|
| LEADER | 01155cam a2200385 i 4500 | ||
|---|---|---|---|
| 001 | 000046647 | ||
| 003 | 6148 | ||
| 005 | 20041206152305.0 | ||
| 008 | 010307b2000 vm 000 eng | ||
| 020 | |c 28000 | ||
| 022 | |a T | ||
| 040 | |a IRC |c IRC |d IRC | ||
| 041 | 0 | |a eng | |
| 082 | 1 | 4 | |a 420 |b LE-L |
| 100 | 1 | |a Lee, Linda. | |
| 245 | 1 | 0 | |a Thoughts and notions : |b High beginning reading practice with answers / |c Linda Lee, Barbara Bushby ; Lê Ngọc Phương Nam chú giải. |
| 260 | |a Tp.HCM : |b Nxb Trẻ, |c 2000. | ||
| 300 | |a 221 tr. ; |c 20.5 cm. | ||
| 520 | 3 | |a Sách gồm những bài tập về suy nghĩ và khái niệm trong việc luyện đọc tiếng Anh. | |
| 630 | 0 | 4 | |a Anh ngữ. |
| 630 | 0 | 4 | |a English language. |
| 630 | 0 | 4 | |a Reading skills. |
| 650 | 0 | 4 | |a English language |x Reading |x Study and teaching. |
| 700 | 1 | |a Bushby, Barbara. | |
| 700 | 1 | |a Lê Ngọc Phương Nam, |e chú giải. | |
| OWN | |a DUT | ||
| 999 | |a From the UDN01 | ||
| TYP | |a Monograph | ||
| TYP | |a Printed language | ||
| 980 | |a Mạng thư viện Đại học Đà Nẵng | ||